Statistics for Australian Words

Click here to take the quiz!

General Stats

  • This quiz has been taken 19 times
  • The average score is 7 of 16

Answer Stats

HintAnswer% Correct
A barbequeBarbie
94%
McDonald’s restaurantsMaccas
71%
HelloG’day
71%
ShrimpPrawn
65%
Flip flops for the feetThongs
59%
Australian Rules or Rugby footballFooty
59%
SunglassesSunnies
59%
A toiletDunnie
53%
A chicken, alive or frozenChook
47%
A pickup truckUte
47%
An umbrellaBrolly
41%
An uncouth or unsophisticated personBogan
35%
Swim Suitcozzie
18%
SandwichesSangers
0%
Police vehicle used to catch drunk driversBooze bus
0%
when something is full, can’t fit any moreChockers
0%

Score Distribution

Percentile by Number Answered

Percent of People with Each Score

Your Score History

You have not taken this quiz